Finnish people - Statistics

General Stats
  • This quiz has been taken 38 times
  • The average score is 7 of 14
Answer Stats
Hint Answer % Correct
The current president (2023) Sauli Niinistö
91%
Taalasmaa Seppo
83%
The all time most famous finnish F1 racer Kimi Räikkönen
80%
The 2023 elected prime minister Petteri Orpo
77%
The only finnish football player to have an icon at some point of fifa so far Jari Litmanen
71%
Finland's first president K.J. Ståhlberg
66%
Ihana kelalusmu (Unemployed youtuber) Niilo 22
60%
Most subscribed finnish yt channel Hydraulic press channel
37%
"Hyvin soittaa" Man Mikko Alatalo
34%
Finland's richest person Antti Herlin
31%
Supo mies (A man known for making conspiracy theories) Arto Lauri
14%
Main content is presenting groceries Hampaaton Läski
14%
"Ihan Neekeri" Singer Eija Sinikka
9%
His first name is a drink (Singer) Juice Leskinen
9%
No matching quizzes found
Score Distribution
Percent of People with Each Score
Percentile by Number Answered
Your Score History
You have not taken this quiz